[Event "CZE-ch U14 Girls"]
[Site "Kouty nad Desnou"]
[Date "2020.03.08"]
[Round "2"]
[White "Macova, Marketa"]
[Black "Rezna, Hedvika"]
[Result "0-1"]
[WhiteElo "1025"]
[BlackElo "1242"]
[PlyCount "138"]
[EventDate "2020.03.07"]
[EventType "swiss"]
[EventRounds "7"]
[EventCountry "CZE"]
[SourceTitle "CBM 195 Extra"]
[Source "ChessBase"]
[SourceDate "2020.05.31"]
[SourceVersion "1"]
[SourceVersionDate "2020.05.31"]
[SourceQuality "1"]

1. e4 e5 2. Nf3 Nc6 3. d4 exd4 4. Nxd4 Nf6 5. Nc3 Bb4 6. Bg5 0-0 7. Bc4 d6 8. 0-0 Re8 9. Re1 Bd7 10. a3 Bc5 11. Nf5 Ne5 12. Bb3 Bc6 13. Bd5 Bb6 14. h3 a6 15. Qd2 Ned7 16. Bh6 g6 17. Qg5 Nxd5 18. exd5 Qxg5 19. Bxg5 Bb5 20. Nxb5 axb5 21. Ng3 Kg7 22. Kf1 Bc5 23. Ne2 Re5 24. Bf4 Rxd5 25. Nc3 Rf5 26. Bg3 b4 27. axb4 Rxa1 28. Rxa1 Bxb4 29. Ra7 Nc5 30. Nb5 Ne4 31. Bh2 Rxf2+ 32. Kg1 Rxc2 33. g3 Bc5+ 34. Kh1 Bxa7 35. Nxa7 Rxb2 36. g4 Nf2+ 37. Kg1 Nxh3+ 38. Kh1 Nf2+ 39. Kg1 Nxg4 40. Bg3 Rc2 41. Nb5 h5 42. Nd4 Ra2 43. Nf3 b5 44. Ng5 b4 45. Ne4 b3 46. Nc3 Ra1+ 47. Kg2 b2 48. Kf3 Ra3 49. Be1 Rxc3+ 50. Bxc3+ f6 51. Bxb2 Kf7 52. Kf4 Ke6 53. Ke4 d5+ 54. Kf3 Ne5+ 55. Ke3 h4 56. Kf2 Nd3+ 57. Kg2 Nxb2 58. Kf3 d4 59. Ke2 h3 60. Kd2 h2 61. Kc2 h1Q 62. Kxb2 d3 63. Kc3 Kd5 64. Kxd3 Qe4+ 65. Kc3 Qd4+ 66. Kc2 Kc4 67. Kc1 Qf2 68. Kd1 Kd3 69. Kc1 Qc2# 0-1

[Event "CZE-ch U14 Girls"]
[Site "Kouty nad Desnou"]
[Date "2020.03.07"]
[Round "1"]
[White "Rezna, Hedvika"]
[Black "Trasakova, Adela"]
[Result "0-1"]
[WhiteElo "1242"]
[BlackElo "1639"]
[PlyCount "108"]
[EventDate "2020.03.07"]
[EventType "swiss"]
[EventRounds "7"]
[EventCountry "CZE"]
[SourceTitle "CBM 195 Extra"]
[Source "ChessBase"]
[SourceDate "2020.05.31"]
[SourceVersion "1"]
[SourceVersionDate "2020.05.31"]
[SourceQuality "1"]

1. e4 c6 2. d4 d5 3. exd5 cxd5 4. Bd3 Nc6 5. c3 Qc7 6. h3 Nf6 7. Nf3 g6 8. 0-0 Bf5 9. Bxf5 gxf5 10. Bg5 Ne4 11. Nbd2 0-0-0 12. Re1 Rg8 13. Bh4 Bh6 14. Qc2 Rg7 15. Nf1 Rdg8 16. g3 e6 17. Rad1 Ng5 18. Bxg5 Bxg5 19. Kg2 h5 20. h4 Be7 21. Qe2 f4 22. b3 fxg3 23. fxg3 Rg4 24. Rd3 Bxh4 25. Nxh4 Rxh4 26. Qf3 Rhg4 27. Qf2 h4 28. Ree3 Nd8 29. Rf3 f5 30. Kh3 hxg3 31. Rxg3 Qh7+ 32. Kg2 Rh8 33. Kf3 Qh1+ 34. Qg2 Rxg3+ 35. Nxg3 Qh4 36. Kf2 f4 37. Rf3 fxg3+ 38. Qxg3 Qxg3+ 39. Kxg3 Kd7 40. b4 Ke7 41. a4 Rg8+ 42. Kf2 Rf8 43. Rxf8 Kxf8 44. Ke3 Ke7 45. Kd3 Nc6 46. Ke3 Kf6 47. Kf4 a6 48. a5 Na7 49. Kg4 Nb5 50. Kf4 Nxc3 51. Ke3 Na2 52. Kd3 Nxb4+ 53. Kc3 Nc6 54. Kd3 Nxa5 0-1